Govt. of
Madhya Pradesh

Patanjali's Yoga Sutras (Record no. 620)

MARC details
000 -LEADER
fixed length control field 004360000a22001570004500
001 - CONTROL NUMBER
control field 000620
003 - CONTROL NUMBER IDENTIFIER
control field MACL
040 ## - CATALOGING SOURCE
Original cataloging agency MACL
090 ## - LOCALLY ASSIGNED LC-TYPE CALL NUMBER (OCLC); LOCAL CALL NUMBER (RLIN)
-- 620
-- 620
100 ## - MAIN ENTRY--PERSONAL NAME
Personal name Prasada, Rama (Translator)
245 ## - TITLE STATEMENT
Title Patanjali's Yoga Sutras
Remainder of title With The Commentary Of Vyasa And The Gloss Of Vachaspati Misra
Statement of responsibility, etc. Rama (Translator) Prasada
260 ## - PUBLICATION, DISTRIBUTION, ETC. (IMPRINT)
Place of publication, distribution, etc. Munshiram Manoharlal Publishers,
Date of publication, distribution, etc. 1998
350 ## - PRICE (NR) (BK AM CF MU VM SE) [OBSOLETE]
Price 250
650 ## - SUBJECT ADDED ENTRY--TOPICAL TERM
Topical term or geographic name as entry element Philosophy
942 ## - ADDED ENTRY ELEMENTS (KOHA)
Call number prefix 112
Koha item type Library Membar
Holdings
Withdrawn status Lost status Source of classification or shelving scheme Damaged status Not for loan Home library Current library Date acquired Cost, normal purchase price Total Checkouts Full call number Barcode Date last seen Date last checked out Uniform Resource Identifier Price effective from Koha item type
          MACL MACL 15/04/2015 250.00 1 111.82 CRE011106 02/05/2024 10/05/2018 619 15/04/2015 Books